[Event "It"]
[Site "Biel SUI"]
[Date "2004.07.27"]
[Round "8"]
[White "Morozevich,A"]
[Black "Sasikiran,K"]
[Result "1-0"]
[WhiteElo "2743"]
[BlackElo "2666"]

1.e4 e5 2.Nf3 Nc6 3.Bb5 a6 4.Ba4 Nf6 5.O-O Be7 6.Re1 b5 7.Bb3 d6 8.c3 O-O
9.h3 Nb8 10.d4 Nbd7 11.Nbd2 Bb7 12.Bc2 Re8 13.a4 Bf8 14.Bd3 c6 15.b3 g6 16.Bb2 Qb6
17.c4 Nh5 18.b4 Bg7 19.c5 Qc7 20.cxd6 Qxd6 21.dxe5 Qxb4 22.Ba3 Qc3 23.Bd6 Nxe5
24.Ra3 Qb2 25.Rb3 Qa2 26.Nxe5 Bxe5 27.Bxe5 Rxe5 28.Nc4 Re7 29.Ra3 bxc4 30.Rxa2 Rd8
31.Rd2 Red7 32.Qf3 Rxd3 33.Rxd3 Rxd3 34.Re3 Rd7 35.Qe2  1-0

[Event "It"]
[Site "Biel SUI"]
[Date "2004.07.28"]
[Round "9"]
[White "Pelletier,Y"]
[Black "Morozevich,A"]
[Result "0-1"]
[WhiteElo "2597"]
[BlackElo "2743"]

1.e4 e6 2.d4 d5 3.Nc3 dxe4 4.Nxe4 Nd7 5.Nf3 Ngf6 6.Bd3 c5 7.Nxf6+ Nxf6 8.dxc5 Bxc5
9.Qe2 O-O 10.Bg5 h6 11.h4 Qa5+ 12.Bd2 Qb6 13.O-O-O e5 14.Nxe5 Re8 15.Nc4 Qa6
16.Qf3 Bg4 17.Qg3 Qxa2 18.Bc3 Ne4 19.Bxe4 Rxe4 20.Nd2 Rd4 21.Bxd4 Bxd4 22.Qb3 Qa1+
23.Nb1 Bxd1 24.Rxd1 Bxf2 25.Rd7 Rf8 26.h5 Qa5 27.Nc3 Qxh5 28.Qxb7 Re8 29.Kb1 Bb6
30.Ka2 Qf5 31.Kb3 Re3 32.Qd5 Re5 33.Qd6 Rc5 34.Qe7 Rc8 35.Qd6 Re8 36.Qd5 Qg6
37.Ka2 Re3 38.Qa8+ Kh7 39.Qd5 Re6 40.Qd2  0-1

[Event "It"]
[Site "Biel SUI"]
[Date "2004.07.29"]
[Round "10"]
[White "Morozevich,A"]
[Black "Ponomariov,R"]
[Result "1/2-1/2"]
[WhiteElo "2743"]
[BlackElo "2722"]

1.e4 e5 2.Nf3 Nc6 3.Bb5 a6 4.Ba4 Nf6 5.O-O Nxe4 6.d4 b5 7.Bb3 d5 8.dxe5 Be6
9.Nbd2 Nc5 10.c3 d4 11.Ng5 Qxg5 12.Qf3 O-O-O 13.Bxe6+ fxe6 14.Qxc6 Qxe5 15.b4 Qd5
16.Qxd5 exd5 17.bxc5 dxc3 18.Nb3 d4 19.Ba3 g6 20.Bb4 Bg7 21.a4 d3 22.axb5 d2
23.bxa6 c2 24.Nxd2 Bxa1 25.Rxa1 Rhe8 26.Rc1 Re4 27.Bc3 Rc4 28.Rxc2 Rd3 29.Rb2 Rcxc3
30.a7 Ra3 31.Rb8+ Kd7 32.a8=Q Rxa8 33.Rxa8 Rxd2 34.g4 Kc6 35.Kg2 Kxc5 36.Kg3 Rd7
37.f4 Kd4 38.Ra1 Rf7 39.Rd1+ Ke3 40.Re1+ Kd4 41.Rd1+  1/2-1/2

[Event "36th Olympiad"]
[Site "Calvia ESP"]
[Date "2004.10.17"]
[Round "3"]
[White "Agrest,E"]
[Black "Morozevich,A"]
[Result "0-1"]
[WhiteElo "2604"]
[BlackElo "2758"]

1.d4 g6 2.e4 Bg7 3.c4 d6 4.Nc3 e5 5.dxe5 dxe5 6.Qxd8+ Kxd8 7.f4 Be6 8.Nf3 Nc6
9.Kf2 Nf6 10.Be2 h6 11.h3 Kc8 12.g3 Nd7 13.Kg2 exf4 14.gxf4 Bxc3 15.bxc3 Na5
16.Nd2 c5 17.Ba3 Kc7 18.Rae1 b6 19.Rhf1 f5 20.Bd3 Rhe8 21.Bc1 Rad8 22.Rf3 Nf6
23.Kf2 fxe4 24.Nxe4 Bxc4 25.Nxf6 Rxe1 26.Kxe1 Bxd3 27.f5 Bxf5 28.Bxh6 Rh8
29.Bf4+ Kc6 30.Re3 Rh4 31.Bg3 Ra4 32.Re7 Nc4 33.Rc7+ Kb5 34.Rh7 Rxa2 35.Nd5 a5
36.h4 Be4 37.Nc7+ Ka4 38.Re7 Bf3 39.Re6 Kb3 40.Rxg6 Re2+  0-1

[Event "36th Olympiad"]
[Site "Calvia ESP"]
[Date "2004.10.19"]
[Round "5"]
[White "Movsesian,S"]
[Black "Morozevich,A"]
[Result "1/2-1/2"]
[WhiteElo "2629"]
[BlackElo "2758"]

1.e4 c6 2.d4 d5 3.Nc3 dxe4 4.Nxe4 Bf5 5.Ng3 Bg6 6.h4 h6 7.Nf3 Nd7 8.h5 Bh7
9.Bd3 Bxd3 10.Qxd3 e6 11.Bf4 Qa5+ 12.Bd2 Bb4 13.Ne4 Ngf6 14.Nd6+ Ke7 15.Nc4 Bxd2+
16.Nfxd2 Qc7 17.O-O-O Rhd8 18.Qa3+ c5 19.Nb3 b6 20.dxc5 bxc5 21.Nba5 Kf8
22.Qf3 Nb6 23.g4 Nbd5 24.Rd2 Rab8 25.Rhd1 Rb5 26.c3 Rdb8 27.Nb3 a5 28.Na3 R5b7
29.c4 a4 30.Na1 Qf4 31.Qxf4 Nxf4 32.f3 e5 33.Nb5 e4 34.fxe4 Nxg4 35.b3 Ne6
36.Rd7 axb3 37.Nxb3 Ne3 38.Rxb7 Rxb7 39.Na5 Rb6 40.Rd7 Ra6 41.Ra7 Rxa7 42.Nxa7 g5
43.Kd2 Nf1+ 44.Ke1 Ng3 45.Nb5 Nxe4 46.Nb3 Ke7 47.a4 Nd6 48.Nd2 Kd7 49.a5 f5
50.a6 Nc8 51.a7 Nb6 52.Nc3 Nc7 53.Nb3 Kd6 54.Na5 g4 55.Nb7+ Ke5 56.Nxc5 Kd4
57.Nd7 Nba8 58.Ne2+ Kxc4 59.Ne5+ Kd5 60.Nf7 Ne6 61.Nxh6 Ng7 62.Nf4+ Kc6 63.Nf7  1/2-1/2

[Event "36th Olympiad"]
[Site "Calvia ESP"]
[Date "2004.10.22"]
[Round "7"]
[White "Morozevich,A"]
[Black "Georgiev,Ki"]
[Result "1/2-1/2"]
[WhiteElo "2758"]
[BlackElo "2625"]

1.e4 e5 2.Nf3 Nc6 3.Bb5 Nf6 4.d3 d6 5.O-O g6 6.d4 Bd7 7.Re1 Bg7 8.d5 Ne7
9.Bxd7+ Nxd7 10.a4 O-O 11.a5 a6 12.c4 h6 13.Ra3 f5 14.b4 Nf6 15.Nbd2 Qd7
16.Qc2 g5 17.h3 Rac8 18.exf5 Qxf5 19.Qa2 Kh8 20.Nf1 Rce8 21.Ng3 Qg6 22.Rb3 Nh5
23.Nxh5 Qxh5 24.Qc2 Qf7 25.b5 Nf5 26.Bb2 axb5 27.Rxb5 Ra8 28.Qe4 Nh4 29.Re3 Qf5
30.Qxf5 Nxf5 31.Ra3 Ra7 32.Nd2 Rfa8 33.Rf3 Ne7 34.Rfb3 c6 35.Rxb7 cxd5 36.cxd5 Nxd5
37.Nc4 Bf8 38.g3 Kg8 39.Ba3 Ra6 40.Rd3 Rc8 41.Nxe5 Rxa5 42.Ng4 Bg7 43.Bb2 Rc7
44.Rxc7 Nxc7 45.Bxg7 Kxg7 46.Rxd6 h5 47.Rd7+ Kg6 48.Rxc7 hxg4 49.hxg4 Ra4
50.Rc6+ Kg7 51.f3 Ra3 52.Kf2 Ra2+ 53.Kf1 Ra1+ 54.Ke2 Ra2+ 55.Ke3 Rg2 56.Rc5 Kg6
57.Rc6+ Kg7 58.Ke4 Rxg3 59.Rd6 Rh3 60.Rd3 Kf6 61.Rc3 Rh8 62.Rc6+ Kg7 63.Kf5 Rf8+
64.Kxg5 Rxf3 65.Rc7+ Kg8 66.Kg6 Rf8 67.g5 Ra8 68.Kh6 Ra6+ 69.g6 Ra8 70.Rg7+ Kh8
71.Rh7+  1/2-1/2

[Event "36th Olympiad"]
[Site "Calvia ESP"]
[Date "2004.10.27"]
[Round "12"]
[White "Azmaiparashvili,Z"]
[Black "Morozevich,A"]
[Result "1/2-1/2"]
[WhiteElo "2672"]
[BlackElo "2758"]

1.d4 g6 2.e4 c6 3.c4 d5 4.exd5 cxd5 5.Nc3 Nf6 6.cxd5 Nxd5 7.Bc4 Nb6 8.Bb3 Bg7
9.d5 O-O 10.Be3 Na6 11.Rc1 Bf5 12.a3 Rc8 13.Nge2 Nc5 14.Bc2 Nc4 15.Bxf5 gxf5
16.Bxc5 Rxc5 17.Qc2 Nb6 18.b4 Rc4 19.Qxf5 Qc8 20.Qd3 Na4 21.Na2 Nb2 22.Qf3 Rxc1+
23.Naxc1 Qc2 24.O-O Nc4 25.Ng3 Nd2 26.Qe2 Rc8 27.Rd1 Nb1 28.a4 Qc4 29.Qxc4 Rxc4
30.Na2 Rc2 31.Rxb1 Rxa2 32.Nf5 Rxa4 33.Nxe7+ Kf8 34.Nf5 Bc3 35.b5 Rf4 36.Ne3 Bd4
37.g3 Re4 38.Rb4 f5 39.Kf1 Bc5 40.Rxe4 fxe4 41.Nc4 Ke7 42.Ke2 Kf6 43.Na5 Ke5
44.Nxb7 Bb6 45.f4+ exf3+ 46.Kxf3 Kxd5 47.g4 Kc4 48.Nd6+  1/2-1/2

[Event "57th ch-RUS"]
[Site "Moscow RUS"]
[Date "2004.11.24"]
[Round "8"]
[White "Bareev,E"]
[Black "Morozevich,A"]
[Result "1/2-1/2"]
[WhiteElo "2715"]
[BlackElo "2758"]

1.d4 Nf6 2.c4 e6 3.Nc3 Bb4 4.e3 b6 5.Ne2 Bb7 6.a3 Bd6 7.Qd3 c5 8.e4 cxd4
9.Nxd4 O-O 10.Bg5 h6 11.Bh4 Be5 12.Be2 Na6 13.b4 Nc7 14.O-O d5 15.exd5 exd5
16.Rad1 Rc8 17.cxd5 Ncxd5 18.Nxd5 Qxd5 19.Bf3 Ne4 20.Rfe1 Qxd4 21.Qxd4 Bxd4
22.Rxd4 f5 23.g4 Rce8 24.Bxe4 Bxe4 25.gxf5 Bxf5 26.Rxe8 Rxe8 27.Rd8 Kf7 28.Rxe8 Kxe8
29.a4 Kd7  1/2-1/2

[Event "World Team Ch"]
[Site "Beer Sheva ISR"]
[Date "2005.11.02"]
[Round "2"]
[White "Sutovsky,E"]
[Black "Morozevich,A"]
[Result "0-1"]
[WhiteElo "2654"]
[BlackElo "2707"]

1.e4 c6 2.d4 d5 3.e5 Bf5 4.Nf3 e6 5.Be2 Nd7 6.O-O h6 7.c3 Ne7 8.Na3 a6 9.Nc2 c5
10.dxc5 Nxc5 11.Ncd4 Be4 12.Be3 Ng6 13.Nd2 Nxe5 14.Nxe4 Nxe4 15.f4 Nd7 16.Bh5 Qb6
17.Qg4 Ndf6 18.Qh3 Nxh5 19.Qxh5 Nf6 20.Qh3 Qc7 21.g4 Bc5 22.g5 Ne4 23.Kh1 Qd7
24.b4 Ba7 25.c4 dxc4 26.Qg2 Qd5 27.Nc2 hxg5 28.Rfd1 Ng3+ 29.Kg1 Qxg2+ 30.Kxg2 Nf5
31.Bxa7 Rxa7 32.fxg5 Rh5 33.Rd2 Rxg5+ 34.Kf3 b5 35.a4 Rd7 36.Rxd7 Kxd7 37.axb5 axb5
38.Ra7+ Ke8  0-1

[Event "World Team Ch"]
[Site "Beer Sheva ISR"]
[Date "2005.11.03"]
[Round "3"]
[White "Morozevich,A"]
[Black "Giorgadze,G1"]
[Result "1/2-1/2"]
[WhiteElo "2707"]
[BlackElo "2601"]

1.e4 e5 2.Nf3 Nc6 3.Bb5 Nf6 4.O-O Nxe4 5.d4 Nd6 6.Bxc6 dxc6 7.dxe5 Nf5 8.Qxd8+ Kxd8
9.Nc3 Ne7 10.Ne4 h6 11.h3 Ng6 12.b3 a5 13.a3 Be6 14.Bb2 c5 15.a4 Kd7 16.c4 Kc6
17.Ng3 h5 18.Ng5 h4 19.Nxe6 fxe6 20.Ne2 Be7 21.Rad1 Rhf8 22.f4 Rad8 23.Bc1 Rxd1
24.Rxd1 Bd8 25.Rd3 Ne7 26.g4 hxg3 27.Nxg3 Ng6 28.Nh5 Bh4 29.Kh2 Rf7 30.Kg2 b6  1/2-1/2

[Event "World Team Ch"]
[Site "Beer Sheva ISR"]
[Date "2005.11.05"]
[Round "5"]
[White "Morozevich,A"]
[Black "Kaidanov,G"]
[Result "1/2-1/2"]
[WhiteElo "2707"]
[BlackElo "2608"]

1.e4 e5 2.Nf3 Nc6 3.Bb5 a6 4.Ba4 Nf6 5.Nc3 b5 6.Bb3 Be7 7.d3 d6 8.a4 b4 9.Nd5 O-O
10.O-O Rb8 11.Ba2 Na5 12.d4 Nxd5 13.Bxd5 c6 14.Ba2 exd4 15.Nxd4 Bf6 16.Bf4 Be5
17.Qd2 c5 18.Nf3 Bxf4 19.Qxf4 Be6 20.Bd5 Bxd5 21.exd5 b3 22.c3 Qf6 23.Qe4 Rfe8
24.Qd3 c4 25.Qd1 Re4 26.Re1 Rbe8 27.Rxe4 Rxe4 28.Nd2 Re8 29.Nf1 g6 30.Qd2 Nb7
31.Ne3 Qf4 32.g3 Qe4 33.a5 Rc8 34.Qe2 Rc5 35.Rd1 Rxa5 36.f3 Qe7 37.Re1 Nc5
38.Nxc4 Qxe2 39.Rxe2 Ra1+ 40.Kf2 Rd1 41.Rd2 Rxd2+ 42.Nxd2 Nd3+ 43.Ke3  1/2-1/2

[Event "World Team Ch"]
[Site "Beer Sheva ISR"]
[Date "2005.11.09"]
[Round "8"]
[White "Huang Qian"]
[Black "Morozevich,A"]
[Result "0-1"]
[WhiteElo "2398"]
[BlackElo "2707"]

1.d4 Nf6 2.c4 e6 3.Nc3 Bb4 4.Qc2 O-O 5.a3 Bxc3+ 6.Qxc3 b6 7.Bg5 Bb7 8.e3 d6
9.Ne2 Nbd7 10.Rd1 h6 11.Bh4 g5 12.Bg3 Ne4 13.Qc2 f5 14.f3 Nxg3 15.hxg3 Kg7
16.d5 Qe7 17.Qc3+ e5 18.Qc2 Bc8 19.Nc3 Nf6 20.Be2 Bd7 21.Kd2 Qf7 22.Bd3 e4
23.fxe4 fxe4 24.Bxe4 Ng4 25.Rde1 Qf2+ 26.Kc1 Qxg3 27.Nd1 Rae8 28.Qc3+ Qe5
29.Qxe5+ Nxe5 30.Bc2 Bg4 31.Nc3 Rf2 32.Rhg1 Nxc4 33.e4 a6 34.a4 Ne5 35.b3 Rc8
36.Ref1 Rcf8 37.Re1 h5 38.Kb1 Rd2  0-1

[Event "World Team Ch"]
[Site "Beer Sheva ISR"]
[Date "2005.11.10"]
[Round "9"]
[White "Ni Hua"]
[Black "Morozevich,A"]
[Result "0-1"]
[WhiteElo "2603"]
[BlackElo "2707"]

1.e4 c5 2.Nf3 Nc6 3.c3 Nf6 4.e5 Nd5 5.d4 cxd4 6.cxd4 d6 7.Bc4 Nb6 8.Bb5 Bd7
9.exd6 e6 10.O-O Bxd6 11.Nc3 Ne7 12.Bd3 Bc6 13.Qe2 Nbd5 14.Rd1 O-O 15.Ne5 Bxe5
16.Qxe5 Qb6 17.Qh5 Ng6 18.Bxg6 hxg6 19.Qh4 Nxc3 20.bxc3 Qb5 21.Re1 Rac8 22.Qg3 Rfd8
23.h4 Qf5 24.Bf4 f6 25.a4 Bd5 26.Bd6 Bxg2 27.Be7 Rd7 28.Bxf6 Bd5 29.Be5 Rf7
30.Re3 a5 31.Rc1 Rc4 32.f4 Rxa4 33.Qg5 b5 34.Qxf5 gxf5 35.Kf2 Ra2+ 36.Re2 Ra3
37.Rb2 Rb3 38.Rxb3 Bxb3 39.Ke3 Rd7 40.Ra1 a4 41.Kd2 Ra7 42.Bd6 Ra6 43.Ba3 Kf7
44.Ke3 Ra8 45.Kf2 Rh8 46.Rh1 Bd5 47.Rh3 Be4 48.Ke3 Rh6 49.h5 Ke8 50.Rg3 Rxh5
51.d5 g5 52.dxe6 g4 53.Kd4 Rh3 54.Rg1 g3 55.Ke5 g2 56.Rd1 Rh1 57.Rd7 g1=Q
58.Bd6 Bc6  0-1

[Event "ch-RUS Superfinal"]
[Site "Moscow RUS"]
[Date "2005.12.19"]
[Round "1"]
[White "Tomashevsky,E"]
[Black "Morozevich,A"]
[Result "1/2-1/2"]
[WhiteElo "2564"]
[BlackElo "2707"]

1.Nf3 c5 2.c4 Nc6 3.d4 cxd4 4.Nxd4 Nf6 5.g3 Qb6 6.Nc2 h5 7.h3 Ne4 8.e3 Qa5+
9.Nd2 Qf5 10.Nf3 Qa5+ 11.Nd2 Nc5 12.Be2 g6 13.Rb1 Qc7 14.Nd4 Bg7 15.b4 Ne6
16.Nxe6 dxe6 17.Bb2 Bxb2 18.Rxb2 b6 19.Qb3 Bb7 20.Qc3 O-O 21.Rg1 Rfd8 22.f4 a5
23.b5 Nb4 24.Qb3 Qd6 25.a3 Nd3+ 26.Bxd3 Qxd3 27.Qxd3 Rxd3 28.Ke2 Rxa3 29.c5 bxc5
30.Rc1 Rd8 31.Rxc5 Rdd3 32.Rc7 Rxe3+ 33.Kf2 Bd5 34.Rd7 Rxg3 35.Rxd5 exd5
36.b6 Rgd3 37.Ke2 Re3+ 38.Kf1 Ra1+ 39.Nb1 a4 40.b7 a3 41.b8=Q+ Kh7 42.Qf8  1/2-1/2

[Event "ch-RUS Superfinal"]
[Site "Moscow RUS"]
[Date "2005.12.20"]
[Round "2"]
[White "Morozevich,A"]
[Black "Rublevsky,S"]
[Result "1/2-1/2"]
[WhiteElo "2707"]
[BlackElo "2652"]

1.c4 e5 2.g3 Nf6 3.Bg2 c6 4.d4 Bb4+ 5.Bd2 Bxd2+ 6.Qxd2 e4 7.Nc3 d5 8.cxd5 cxd5
9.f3 exf3 10.exf3 O-O 11.Nge2 Nc6 12.O-O Re8 13.Nf4 Be6 14.Rad1 Re7 15.g4 Qd6
16.g5 Nd7 17.Nb5 Qb8 18.Nh5 a6 19.Nc3 Qd6 20.Qf2 f6 21.gxf6 Nxf6 22.Nxf6+ gxf6
23.Qg3+ Qxg3 24.hxg3 Bf7 25.Kf2 Na5 26.Rfe1 Rxe1 27.Rxe1 Nc6 28.Rd1 Rc8 29.Bf1 Ne7
30.Rd2 a5 31.Bb5 Kg7 32.Na4 Rc7 33.Bd3 Bg6 34.Nc5 Kf7 35.Bb5 Nf5 36.Na4 Nd6
37.Bf1 Rc2 38.Rxc2 Bxc2 39.Nc3 Ke6 40.Nb5 Nxb5 41.Bxb5 Bb1 42.a3 Bc2 43.Ke3 Bd1
44.Bd3 h6 45.Kf4 b6 46.Bf5+ Ke7 47.g4 Kf7 48.Kg3 Ke7 49.f4 Kf7 50.Kh4 Be2
51.g5 hxg5+ 52.fxg5 fxg5+ 53.Kxg5 Ke7  1/2-1/2

[Event "ch-RUS Superfinal"]
[Site "Moscow RUS"]
[Date "2005.12.23"]
[Round "5"]
[White "Volkov,S1"]
[Black "Morozevich,A"]
[Result "0-1"]
[WhiteElo "2614"]
[BlackElo "2707"]

1.d4 Nf6 2.c4 e6 3.Nc3 Bb4 4.e3 O-O 5.Ne2 Re8 6.a3 Bf8 7.g3 d5 8.cxd5 exd5
9.Bg2 a5 10.O-O Na6 11.Bd2 c6 12.Rc1 Nc7 13.Na4 Ne6 14.b4 Ne4 15.Be1 axb4
16.axb4 Nd6 17.Nc5 Nc7 18.Nb3 h5 19.Na5 h4 20.Nf4 hxg3 21.hxg3 Ne6 22.Nd3 Ng5
23.g4 f5 24.Ne5 fxg4 25.Nxg4 Ngf7 26.f4 Bxg4 27.Qxg4 Rxe3 28.f5 Ne4 29.Nxb7 Qf6
30.Rd1 Ra2 31.Nc5 Bxc5 32.bxc5 Ree2 33.Bf3 Rh2 34.Bxe4 dxe4 35.Bf2 Qh6 36.Qxe4 Re2
37.Qg4 Ng5 38.Qg3 Nh3+ 39.Kxh2 Nxf2+ 40.Kg1 Qh1+  0-1

[Event "ch-RUS Superfinal"]
[Site "Moscow RUS"]
[Date "2005.12.27"]
[Round "8"]
[White "Kramnik,V"]
[Black "Morozevich,A"]
[Result "1/2-1/2"]
[WhiteElo "2739"]
[BlackElo "2707"]

1.d4 d5 2.Nf3 Nf6 3.c4 c6 4.Nc3 dxc4 5.a4 Bf5 6.e3 e6 7.Bxc4 Bb4 8.O-O Nbd7
9.Qe2 Bg4 10.h3 Bxf3 11.Qxf3 O-O 12.Rd1 Rc8 13.Ne4 Nxe4 14.Qxe4 Qa5 15.Qc2 Nb6
16.Bd3 g6 17.e4 c5 18.dxc5 Nd7 19.Bh6 Rfd8 20.Bg5 Rf8 21.Bh6 Rfd8 22.Bb5 Nxc5
23.Rxd8+ Qxd8 24.Rd1 Qh4 25.Be3 Rd8 26.Rxd8+  1/2-1/2

[Event "ch-RUS Superfinal"]
[Site "Moscow RUS"]
[Date "2005.12.29"]
[Round "10"]
[White "Svidler,P"]
[Black "Morozevich,A"]
[Result "1/2-1/2"]
[WhiteElo "2740"]
[BlackElo "2707"]

1.e4 e6 2.d4 d5 3.Nc3 Nf6 4.e5 Nfd7 5.f4 c5 6.Nf3 Nc6 7.Be3 cxd4 8.Nxd4 Bc5
9.Qd2 O-O 10.O-O-O a6 11.Nce2 Qe7 12.Nb3 Bxe3 13.Qxe3 f6 14.exf6 Nxf6 15.h3 a5
16.a3 b5 17.g4 a4 18.Nbd4 Na5 19.Nxb5 Nc4 20.Qd4 Bd7 21.Nec3 Rac8 22.f5 Bxb5
23.Nxb5 Ne4 24.Bxc4 Rxc4 25.Qe5 Nf2 26.Qxe6+ Qxe6 27.fxe6 Nxd1 28.e7 Rb8
29.Rxd1 Re4 30.Nc3 Rxe7 31.Nxa4 Re3 32.Rxd5 Rxh3 33.c4 Rh4 34.c5 Rxg4 35.Nb6 Kf7
36.a4 Rxb6 37.cxb6 Rxa4 38.b7 Rb4 39.Rd7+ Ke6 40.Rxg7 h5 41.Kc2 Kd6 42.Kc3 Rb5
43.Rh7  1/2-1/2

[Event "Amber Blindfold"]
[Site "Monte Carlo MNC"]
[Date "2006.03.18"]
[Round "1"]
[White "Anand,V"]
[Black "Morozevich,A"]
[Result "0-1"]
[WhiteElo "2792"]
[BlackElo "2721"]

1.e4 c5 2.Nf3 d6 3.d4 cxd4 4.Nxd4 Nf6 5.Nc3 a6 6.f3 e5 7.Nb3 Be6 8.Be3 Be7
9.Qd2 O-O 10.O-O-O Nbd7 11.g4 b5 12.Rg1 b4 13.Nd5 Bxd5 14.exd5 a5 15.g5 Nh5
16.Kb1 Rb8 17.h4 f5 18.Qe2 a4 19.Nd2 Qc7 20.Qc4 Rfc8 21.Qxc7 Rxc7 22.Nc4 Ra8
23.b3 g6 24.Rg2 f4 25.Bf2 Ng7 26.Rh2 Nf5 27.Bh3 Ra6 28.h5 Bf8 29.Rdh1 Bg7
30.Bf1 Ng3 31.Bxg3 fxg3 32.Rg2 Nc5 33.Nd2 Ra8 34.h6 Bf8 35.Bc4 axb3 36.cxb3 Be7
37.Rxg3 Rca7 38.a4 bxa3 39.Ka2 Rf8 40.Rh4 Rf5 41.Rhg4 Kf8 42.b4 Na4 43.Kxa3 Nc3+
44.Kb3 Nd1 45.Rg1 Ne3 46.Re4 Rxg5 47.Re1 Nf5 48.b5 Rg2 49.Kc3 Bd8 50.Nb3 Nxh6
51.f4 Nf7 52.R1e2 Rg3+ 53.Kb4 Bb6 54.fxe5 Nxe5 55.Rxe5 dxe5 56.Rxe5 Re7 57.Rxe7 Kxe7
58.Nc5 Rg1 59.Ne4 Rb1+ 60.Kc3 Bc7 61.Kd4 Re1 62.Bd3 h5 63.Kc5 h4 64.b6 Rc1+
65.Kb5 Bb8 66.d6+ Bxd6 67.Nxd6 Kxd6 68.Bxg6 h3  0-1

[Event "Amber Rapid"]
[Site "Monte Carlo MNC"]
[Date "2006.03.20"]
[Round "3"]
[White "Grischuk,A"]
[Black "Morozevich,A"]
[Result "0-1"]
[WhiteElo "2717"]
[BlackElo "2721"]

1.e4 e5 2.Nf3 Nc6 3.Bb5 a6 4.Ba4 Nf6 5.O-O Be7 6.Re1 b5 7.Bb3 d6 8.c3 O-O
9.h3 Re8 10.d4 Bb7 11.Nbd2 Bf8 12.a4 Na5 13.Bc2 b4 14.d5 bxc3 15.bxc3 c6
16.c4 Qc7 17.Bd3 Reb8 18.Ba3 Bc8 19.Bf1 Bd7 20.Re3 c5 21.Qc2 g6 22.Bb2 Bh6
23.Ree1 Rb7 24.Bc3 Rab8 25.Reb1 Ne8 26.Bd3 f6 27.Rxb7 Rxb7 28.Rb1 Rb6 29.Nf1 Nb7
30.a5 Rxb1 31.Qxb1 Bf8 32.Qa2 Be7 33.Bc2 Ng7 34.N1d2 Bd8 35.Nb3 Nh5 36.Bd3 Qc8
37.Bf1 Bc7 38.Qd2 Nd8 39.Nc1 Qb8 40.Qc2 Nf7 41.Ne2 f5 42.exf5 Bxf5 43.Qc1 Nf6
44.Ng3 Qb1 45.Qxb1 Bxb1 46.Nd2 Bc2 47.Ne2 Nd8 48.f4 Nd7 49.fxe5 Nxe5 50.Nc1 Nb7
51.Ndb3 Bd8 52.Na1 Ba4 53.Nab3 Bf6 54.Be1 Kf7 55.Be2 h5 56.Kf1 Nd7 57.Bd2 Be5
58.Bd3 Bb2 59.Be2 Ne5 60.g4 hxg4 61.hxg4 Ba3 62.g5 Bb4 63.Bxb4 cxb4 64.c5 Nxc5
65.Nxc5 dxc5 66.Bxa6 Ke7 67.Nd3 Kd6 68.Nxe5 Kxe5 69.Bd3 Kxd5 70.Bxg6 Ke5
71.Bd3 b3 72.Ke1 b2 73.Kd2 c4 74.Bb1 Kd4 75.a6 c3+ 76.Ke2 c2  0-1

[Event "Amber Blindfold"]
[Site "Monte Carlo MNC"]
[Date "2006.03.20"]
[Round "3"]
[White "Morozevich,A"]
[Black "Grischuk,A"]
[Result "1/2-1/2"]
[WhiteElo "2721"]
[BlackElo "2717"]

1.e4 c5 2.Nf3 d6 3.d4 cxd4 4.Nxd4 Nf6 5.Nc3 a6 6.Be3 e6 7.f3 b5 8.Qd2 b4
9.Nce2 e5 10.Nb3 Nc6 11.Ng3 Be6 12.O-O-O Be7 13.Nf5 Bxf5 14.exf5 d5 15.Bg5 Qb6
16.h4 d4 17.Bxf6 Bxf6 18.g4 e4 19.Qf4 O-O 20.g5 Be5 21.Qxe4 Qc7 22.Kb1 Rfe8
23.Qg4 a5 24.Bc4 Kh8 25.f4 a4 26.fxe5 Nxe5 27.Qxd4 Nxc4 28.Nc5 Ne3 29.f6 Rad8
30.fxg7+ Kg8 31.Nd7 Qxc2+ 32.Ka1 Rxd7 33.Qxd7 Nxd1 34.Qxe8+ Kxg7 35.Qe5+ Kg8
36.Qe8+ Kg7 37.Qe5+ Kg8  1/2-1/2

[Event "Amber Blindfold"]
[Site "Monte Carlo MNC"]
[Date "2006.03.21"]
[Round "4"]
[White "Vallejo Pons,F"]
[Black "Morozevich,A"]
[Result "0-1"]
[WhiteElo "2650"]
[BlackElo "2721"]

1.d4 Nf6 2.Nf3 g6 3.c4 Bg7 4.Nc3 d6 5.e4 O-O 6.Be2 e5 7.d5 a5 8.Bg5 h6 9.Bh4 Na6
10.Nd2 h5 11.Bg5 Qe8 12.O-O Bd7 13.a3 a4 14.Nb5 Nh7 15.Be3 f5 16.exf5 gxf5
17.Bxh5 Qe7 18.f4 exf4 19.Bxf4 Bxb2 20.Ra2 Be5 21.Qe2 Nf6 22.Bg6 Bxb5 23.Bxe5 Bd7
24.Nf3 dxe5 25.Qxe5 Qc5+ 26.Nd4 Ng4 27.Qf4 Qd6 28.Nxf5 Qxf4 29.Rxf4 Ne5 30.Ne7+ Kg7
31.Bf5 Rae8 32.Bxd7 Rxe7 33.Rxf8 Kxf8 34.Bxa4 Nxc4 35.Bb5 Nd6 36.Rf2+ Kg7
37.Bxa6 bxa6 38.Rc2 Kf6 39.h4 Ke5 40.Rc5 Nb7 41.Rc6 Kxd5 42.Rxa6 c5 43.Rb6 c4
44.Rb1 c3 45.g4 Nc5 46.Kg2 c2 47.Rc1 Nd3 48.Rxc2 Ne1+ 49.Kg3 Nxc2 50.g5 Ke5  0-1

[Event "Amber Blindfold"]
[Site "Monte Carlo MNC"]
[Date "2006.03.24"]
[Round "6"]
[White "Morozevich,A"]
[Black "Nielsen,PH"]
[Result "1/2-1/2"]
[WhiteElo "2721"]
[BlackElo "2644"]

1.Nf3 Nf6 2.g3 c5 3.Bg2 Nc6 4.O-O g6 5.d4 cxd4 6.Nxd4 Bg7 7.Nxc6 bxc6 8.e4 d5
9.exd5 cxd5 10.c4 Bg4 11.Qa4+ Bd7 12.Qa6 dxc4 13.Nc3 O-O 14.Rd1 Rb8 15.Qxa7 Qc8
16.a4 Bc6 17.Qc5 Bxg2 18.Qxc8 Rfxc8 19.Kxg2 e6 20.Ra2 Ra8 21.h3 Ra6 22.Be3 Rca8
23.Rd4 Rc8 24.a5 h5 25.Ra4 Nd5 26.Rxd5 exd5 27.Nxd5 Rca8 28.Bb6 Bxb2 29.Rxc4 Rxa5  1/2-1/2

[Event "Amber Rapid"]
[Site "Monte Carlo MNC"]
[Date "2006.03.24"]
[Round "6"]
[White "Nielsen,PH"]
[Black "Morozevich,A"]
[Result "0-1"]
[WhiteElo "2644"]
[BlackElo "2721"]

1.d4 d5 2.c4 c6 3.Nf3 Nf6 4.Nc3 dxc4 5.a4 Bf5 6.Ne5 Nbd7 7.Nxc4 Nd5 8.g3 e5
9.Bg2 exd4 10.Qxd4 Qf6 11.Qxf6 N7xf6 12.Nxd5 cxd5 13.Ne3 Bb4+ 14.Bd2 Bxd2+
15.Kxd2 Be4 16.f3 Bg6 17.Rhc1 Kd7 18.Rc5 Kd6 19.Rb5 Rac8 20.Rd1 Rhe8 21.Bh3 Rc5
22.Nf5+ Bxf5 23.Bxf5 Rxb5 24.axb5 Kc5 25.Ra1 Kb6 26.Ra4 h6 27.h4 Re5 28.Bd3 Ne8
29.g4 Nc7 30.Rf4 f6 31.Ra4 Re8 32.Ra1 Ne6 33.e3 d4 34.e4 Rc8 35.Rg1 Nf4 36.Ra1 Rc7
37.Ra4 Ne6 38.Ra3 g5 39.h5 Nc5 40.Be2 Nd7 41.Ra4 Nc5 42.Ra3 Rc8 43.Bd1 Rd8
44.Be2 Nd7 45.f4 Nc5 46.fxg5 Nxe4+ 47.Kd3 Nxg5 48.Ra1 Re8 49.Rf1 Re3+ 50.Kd2 Ne4+
51.Kd1 Rxe2  0-1

[Event "Amber Blindfold"]
[Site "Monte Carlo MNC"]
[Date "2006.03.26"]
[Round "8"]
[White "Morozevich,A"]
[Black "Topalov,V"]
[Result "1-0"]
[WhiteElo "2721"]
[BlackElo "2801"]

1.Nf3 Nf6 2.g3 b6 3.d4 Bb7 4.c4 e6 5.Bg2 Bb4+ 6.Bd2 a5 7.O-O O-O 8.Nc3 Re8
9.Rc1 d6 10.Bg5 Bxc3 11.Rxc3 Nbd7 12.Re1 h6 13.Bc1 c5 14.b3 Qc7 15.Bb2 a4
16.bxa4 Ra6 17.d5 exd5 18.cxd5 Rea8 19.Nh4 Rxa4 20.a3 b5 21.Nf5 b4 22.axb4 Rxb4
23.Rb3 Qb6 24.Rxb4 Qxb4 25.Qb1 Rb8 26.Ba1 Ba8 27.Qc1 c4 28.Bc3 Qb3 29.Qa1 Kh7
30.Nd4 Qb6 31.Nc6 Re8 32.Rb1 Qc7 33.Qa6 Ne5 34.Nxe5 dxe5 35.e4 Rb8 36.Rxb8 Qxb8
37.Qxc4 Qb1+ 38.Qf1 Qc2 39.Qe1 Nd7 40.h4 Bb7 41.Qd2 Qb1+ 42.Kh2 Ba6 43.Qb2 Qxb2
44.Bxb2 f6 45.Ba3 g5 46.Bh3 Bb5 47.h5 Kg7 48.f3 Nb6 49.Kg1 Be8 50.Bg4 Bd7
51.Bxd7 Nxd7 52.Kf2 Kf7 53.Ke2 Ke8 54.Kd3 Kd8 55.Kc4 Ke8 56.Kb5  1-0

[Event "Amber Blindfold"]
[Site "Monte Carlo MNC"]
[Date "2006.03.28"]
[Round "9"]
[White "Leko,P"]
[Black "Morozevich,A"]
[Result "0-1"]
[WhiteElo "2740"]
[BlackElo "2721"]

1.e4 c5 2.Nf3 e6 3.d4 cxd4 4.Nxd4 Nc6 5.Nc3 Qc7 6.g3 a6 7.Bg2 d6 8.O-O Bd7
9.a4 Nxd4 10.Qxd4 Ne7 11.b3 Nc6 12.Qd2 Be7 13.Ba3 Rc8 14.Ne2 b5 15.axb5 axb5
16.Rfd1 b4 17.Bb2 e5 18.Nc1 Bg4 19.Re1 O-O 20.Nd3 Rb8 21.Ra4 Rfc8 22.Nxb4 Nxb4
23.Rxb4 Rxb4 24.Qxb4 d5 25.Qd2 Qxc2 26.Qxc2 Rxc2 27.Bxe5 Bc5 28.Rf1 d4 29.b4 Bb6
30.Bf4 d3 31.h3 Be2 32.Ra1 g5 33.Bxg5 d2 34.Bxd2 Rxd2 35.e5 Bd3 36.g4 Bd4
37.Ra8+ Kg7 38.Bc6 Rxf2 39.Rd8 Bb6 40.Rb8 Be3 41.b5 Bf1 42.h4 Rf3+  0-1

[Event "Amber Rapid"]
[Site "Monte Carlo MNC"]
[Date "2006.03.29"]
[Round "10"]
[White "Ivanchuk,V"]
[Black "Morozevich,A"]
[Result "1-0"]
[WhiteElo "2729"]
[BlackElo "2721"]

1.d4 d5 2.c4 c6 3.Nf3 Nf6 4.cxd5 cxd5 5.Nc3 Nc6 6.Bf4 Nh5 7.Bd2 e6 8.e3 Bd6
9.Ne5 Nf6 10.f4 O-O 11.Bd3 Ne7 12.O-O b6 13.Be1 Bb7 14.Bh4 Ne4 15.Bxe4 dxe4
16.Qb3 Qe8 17.Bxe7 Qxe7 18.a4 Bb4 19.f5 f6 20.Ng4 Rac8 21.Rfc1 Rfe8 22.Nf2 a5
23.Rc2 Ba6 24.Qxe6+ Qxe6 25.fxe6 Rxe6 26.Rac1 Rec6 27.d5 R6c7 28.Rd1 f5 29.g4 g6
30.gxf5 gxf5 31.Nh3 Rg7+ 32.Rg2 Bc5 33.Rxg7+ Kxg7 34.Kf2 Kf6 35.Nf4 Bc4 36.Rg1 Bb4
37.h4 Bb3 38.Nfe2 Rd8 39.Nd4 Bxd5 40.Rg5 Be6 41.Rh5 Kg6 42.Nxe6 Rd2+ 43.Ke1 Rxb2
44.Nf4+ Kg7 45.Rg5+ Kf6 46.Nd5+ Ke5 47.Nxb4 axb4 48.Ne2 Kd5 49.Rxf5+ Kc4
50.Rb5 Ra2 51.Rxb6 b3 52.Nd4 b2 53.Kd1 Ra3 54.Kd2 Ra2 55.Nc2 h5 56.a5 Rxa5
57.Rb4+ Kd5 58.Rxb2 Ke5 59.Nd4 Ra3 60.Rb5+ Kf6 61.Rxh5 Rd3+ 62.Ke2 Rxd4 63.exd4  1-0

[Event "Amber Blindfold"]
[Site "Monte Carlo MNC"]
[Date "2006.03.30"]
[Round "11"]
[White "Van Wely,L"]
[Black "Morozevich,A"]
[Result "0-1"]
[WhiteElo "2647"]
[BlackElo "2721"]

1.d4 Nf6 2.c4 g6 3.Nc3 Bg7 4.e4 d6 5.Nf3 O-O 6.Be2 e5 7.O-O Nc6 8.d5 Ne7
9.b4 a5 10.Ba3 axb4 11.Bxb4 Nd7 12.a4 Bh6 13.a5 f5 14.Bd3 Kh8 15.Nd2 Ng8
16.Qc2 Rf7 17.Rad1 Ndf6 18.c5 dxc5 19.Bxc5 fxe4 20.Ncxe4 Bf5 21.Nf3 Rxa5
22.Nxe5 Rg7 23.Nc4 Bxe4 24.Nxa5 Bxg2 25.Kxg2 b6 26.Rfe1 Qxd5+ 27.Be4 Qg5+
28.Kh1 bxc5 29.Nc6 Qh4 30.f3 Bf4 31.Re2 Nh5 32.Kg1 g5 33.Qxc5 g4 34.Qf2 gxf3+  0-1